| 000 | 00950nam a2200265 a 4500 | ||
|---|---|---|---|
| 003 | MX-MxUPN | ||
| 005 | 20241001063925.0 | ||
| 008 | 991125s1948 mx fr 000 0 spa d | ||
| 035 | _aUPN01000001165 | ||
| 040 |
_aMX-MxUPN _bspa _cMX-MxUPN |
||
| 041 | _aspa | ||
| 050 | 4 |
_aLB2000 _bA33 1948 |
|
| 245 | 0 | 0 |
_aAgenda del maestro : _btercer número año de 1948 |
| 260 |
_aMéxico, D.F. : _b[editor no identificado] _c1948. |
||
| 300 | _a462 páginas | ||
| 650 | 4 |
_aMaestros _zMéxico _9830 |
|
| 700 | 1 |
_aRubio Villagrán, J. _eedición _953281 |
|
| 700 | 1 |
_aPeza de la Vega, Carlos _eedición _953284 |
|
| 710 | 2 |
_aInstituto Nacional de Pedagogía (México) _epropietario anterior _928088 |
|
| 710 | 2 |
_aInstituto Nacional de Investigación Educativa (México) _epropietario anterior _928086 |
|
| 710 | 2 |
_951335 _aMuseo Pedagógico Nacional (México) _epropietario anterior |
|
| 902 | _bMaríaRobles/280824 | ||
| 905 | _aLibro | ||
| 942 |
_2lcc _cLIBRO _n0 |
||
| 999 |
_c1165 _d1165 |
||